| 000 | 00597nam a22002057a 4500 | ||
|---|---|---|---|
| 003 | OSt | ||
| 005 | 20140310183115.0 | ||
| 008 | 130419t xxu||||| |||| 00| 0 eng d | ||
| 020 | _a9715901387 | ||
| 050 |
_aBV 245 _b.W337 1998 |
||
| 082 |
_aFIL 242.82 _bW33 1998 |
||
| 245 |
_aPrayers for a fragile world / _cwritten and compiled by Carol Watson ; illustrations by Rhian Nest James |
||
| 260 |
_aPasay City : _bPaulines _c1998. |
||
| 300 |
_a93p : _bill. (some col.) ; _c26 cm. |
||
| 521 | _aCollege | ||
| 526 | _c1210L-1700L | ||
| 541 | _j1 | ||
| 562 | _e1 | ||
| 942 |
_2lcc _cBK |
||
| 999 |
_c18887 _d18887 |
||